[Event "Challenge"]
[Site "http://www.queenalice.com/game.php?id=931224"]
[Date "2011.4.28"]
[Round "-"]
[White "Ramoalid_liempten"]
[Black "kiruba"]
[Result "1-0"]
[WhiteElo "2087"]
[BlackElo "1824"]

1. e4 e6 2. d4 d5 3. exd5 exd5 4. Nf3 Nc6 5. Bb5 Qe7+ 6. Be3 Qb4+ 7. Nc3 Qxb2 8.
Nxd5 Bb4+ 9. Nd2 Ba5 10. c4 Qa3 11. Qb3 Qxb3 12. axb3 Bd7 13. b4 a6 14. Rxa5
Nxa5 15. Nxc7+ Ke7 16. Nxa8 axb5 17. Nb6 Nc6 18. Nxd7 Kxd7 19. O-O bxc4 20. Nxc4
Nge7 21. Nb6+ Kd6 22. b5 Na7 23. Bf4+ Ke6 24. Re1+ Kf6 25. Nd7+ Kf5 26. Rxe7
Kxf4 27. Nc5 Nxb5 28. Rxf7+ Kg5 29. Ne6+ Kh6 30. Rxb7 Re8 31. Rb6 g6 32. g4 Nc3
33. g5+ Kh5 34. Ng7+ 1-0

[Event "Challenge"]
[Site "http://www.queenalice.com/game.php?id=931229"]
[Date "2011.4.28"]
[Round "-"]
[White "AASGUAIRA"]
[Black "Ramoalid_liempten"]
[Result "1-0"]
[WhiteElo "2140"]
[BlackElo "2086"]

1. d4 Nf6 2. Nf3 e6 3. c4 d5 4. Nc3 Be7 5. Bf4 O-O 6. e3 Nc6 7. Be2 Nh5 8. Ne5
Nxf4 9. exf4 Nxe5 10. fxe5 c6 11. O-O f6 12. cxd5 exd5 13. f4 fxe5 14. fxe5
Rxf1+ 15. Qxf1 Qb6 16. Qf4 Qxb2 17. Rf1 Be6 18. Bg4 Rf8 19. Bxe6+ 1-0

[Event "Challenge"]
[Site "http://www.queenalice.com/game.php?id=931230"]
[Date "2011.4.28"]
[Round "-"]
[White "Rafaelpimentel"]
[Black "Ramoalid_liempten"]
[Result "1-0"]
[WhiteElo "2246"]
[BlackElo "2092"]

1. b3 e5 2. Bb2 Nc6 3. e3 a6 4. c4 d5 5. cxd5 Qxd5 6. Nc3 Qd6 7. Nf3 Nf6 8. d3
Be7 9. Be2 h6 10. O-O O-O 11. h3 Rd8 12. a3 Be6 13. Qc2 Na5 14. b4 Bb3 15. Qd2
Nc4 16. Qc1 Nxb2 17. Qxb2 Be6 18. Rfd1 c5 19. bxc5 Qxc5 20. Rdb1 b5 21. Nd2 Rac8
22. Rc1 Qb6 23. a4 b4 24. a5 Qb8 25. Na4 Nd7 26. Nc4 Bxc4 27. dxc4 Nc5 28. Nb6
Rc6 29. Nd5 Kf8 30. Nxb4 Rcd6 31. Rab1 Rd2 32. Rc2 Na4 33. Qb3 Nc5 34. Qa2 Rxc2
35. Qxc2 Qd6 36. Nd5 Kg8 37. Rb6 Qd7 38. Bg4 Qa7 39. Qf5 Bd6 40. Rxd6 Rxd6 41.
Qc8+ Kh7 42. Qf8 Rxd5 43. cxd5 Ne4 44. Bf5+ g6 45. Bxe4 Qc7 46. d6 1-0

[Event "Tricolor x Peixe"]
[Site "http://www.queenalice.com/game.php?id=942719"]
[Date "2011.5.26"]
[Round "-"]
[White "bobifixer"]
[Black "Ramoalid_liempten"]
[Result "1/2-1/2"]
[WhiteElo "2071"]
[BlackElo "2067"]

1. d4 Nf6 2. Nf3 d5 3. g3 g6 4. Bg2 Bg7 5. O-O Nc6 6. c3 O-O 7. Na3 a6 8. Nc2
Bf5 9. Ne3 Qd7 10. Nxf5 Qxf5 11. Bf4 Rac8 12. Be5 Qd7 13. Bxf6 Bxf6 14. Qc2 e6
15. e4 Ne7 16. exd5 Nxd5 17. Rad1 c5 18. dxc5 Rxc5 19. Qe4 Qc7 20. Nd4 Nb6 21.
Nb3 Rd5 22. Rxd5 Nxd5 23. Nd4 Kg7 24. Bh3 Rd8 25. Bxe6 Bxd4 26. Bxd5 Bf6 27. Bb3
b6 28. Rd1 Rxd1+ 29. Bxd1 Qe5 30. Qxe5 Bxe5 31. f4 Bd6 32. Bf3 Kf6 33. Bd5 Ke7
34. Kf2 h6 35. h4 g5 36. fxg5 hxg5 37. hxg5 Kf8 1/2-1/2

[Event "Challenge"]
[Site "http://www.queenalice.com/game.php?id=948553"]
[Date "2011.6.11"]
[Round "-"]
[White "Ramoalid_liempten"]
[Black "AASGUAIRA"]
[Result "1-0"]
[WhiteElo "2067"]
[BlackElo "2287"]

1. e4 c5 2. Nf3 Nc6 3. Bb5 d6 4. h3 g6 5. Nc3 Bg7 6. d4 cxd4 7. Nxd4 Bd7 8. Be3
Nf6 9. O-O O-O 10. Nxc6 bxc6 11. Bc4 Rb8 12. Rb1 a5 13. Qd2 Qc7 14. b3 e6 15.
Bf4 e5 16. Be3 Rbd8 17. Qe2 Be6 18. Bxe6 fxe6 19. f3 Nh5 20. Qf2 d5 21. Bb6 Qd6
22. Bxd8 Rxd8 23. Ne2 d4 24. Rbd1 Bh6 25. Kh1 Be3 26. Qe1 Qc5 27. c4 d3 28. g4
Nf4 29. Nxf4 exf4 30. Qh4 Qd6 31. e5 Qd7 32. Qg5 Rf8 33. Rfe1 Bc5 34. Qh6 Qd4
35. Re4 1-0

[Event "Challenge"]
[Site "http://www.queenalice.com/game.php?id=1019092"]
[Date "2012.1.29"]
[Round "-"]
[White "bobifixer"]
[Black "Ramoalid_liempten"]
[Result "1/2-1/2"]
[WhiteElo "2058"]
[BlackElo "2101"]

1. d4 d5 2. Nf3 h6 3. g3 Nc6 4. Bg2 Nf6 5. Nbd2 e5 6. dxe5 Ng4 7. b3 Bc5 8. e3
Ngxe5 9. Nxe5 Nxe5 10. Bb2 Qd6 11. O-O O-O 12. Nf3 Nxf3+ 13. Qxf3 c6 14. Rad1
Qg6 15. Qe2 Bf5 16. Rd2 Rad8 17. Rfd1 Bb6 18. c4 dxc4 19. Qxc4 Be6 20. Qc3 f6
21. Ba3 Rfe8 22. Rxd8 Rxd8 23. Rxd8+ Bxd8 24. Bf1 Qb1 25. Qb2 Qxb2 26. Bxb2 a5
27. Bc4 Bxc4 28. bxc4 b5 29. cxb5 cxb5 30. Kf1 Kf7 31. Ke2 Ke6 32. e4 f5 33.
exf5+ Kxf5 34. Bxg7 h5 35. h4 Be7 36. Bd4 a4 37. Kd3 Bd6 38. Bb6 Ke5 39. Bd4+
Kf5 40. Be3 1/2-1/2

[Event "AUTO-MASTER-1580"]
[Site "http://www.queenalice.com/game.php?id=1025428"]
[Date "2012.2.3"]
[Round "1"]
[White "Bruscato"]
[Black "Ramoalid_liempten"]
[Result "0-1"]
[WhiteElo "2019"]
[BlackElo "2087"]

1. e4 c5 2. Nf3 d6 3. d4 Nc6 4. d5 Nb8 5. Bd3 e5 6. c4 Nf6 7. Nc3 Bg4 8. h3 Bxf3
9. Qxf3 a6 10. Bg5 Be7 11. O-O h6 12. Bh4 Nxd5 13. exd5 Bxh4 14. Ne4 O-O 15. g3
Be7 16. g4 Nd7 17. Rae1 b5 18. b3 Rb8 19. Qf5 g6 20. Qf3 Nf6 21. Nxf6+ Bxf6 22.
Qg3 Bg5 23. Re4 Kh8 24. Rfe1 Qf6 25. Rf1 Bf4 26. Qg2 h5 27. f3 Rg8 28. Kf2 Qh4+
29. Ke2 f5 30. Rxf4 exf4 31. Kd2 bxc4 32. Bxc4 Qg3 33. Qe2 Rbe8 34. Qd3 Re3 35.
Qc2 Rxf3 36. Qb2+ Kh7 37. Rxf3 Qxf3 38. Qf6 Qe3+ 39. Kc2 Qf2+ 40. Kc3 Qd4+ 0-1

[Event "AUTO-MASTER-1580"]
[Site "http://www.queenalice.com/game.php?id=1025429"]
[Date "2012.2.3"]
[Round "1"]
[White "Ramoalid_liempten"]
[Black "Bruscato"]
[Result "1-0"]
[WhiteElo "2073"]
[BlackElo "2026"]

1. e4 c5 2. Nf3 d6 3. d4 cxd4 4. Nxd4 Nf6 5. Bd3 a6 6. h3 Nc6 7. Nxc6 bxc6 8.
O-O e5 9. Bg5 Be7 10. Nc3 Rb8 11. Rb1 d5 12. Bxf6 Bxf6 13. Na4 O-O 14. Nc5 d4
15. Bxa6 Bxa6 16. Nxa6 Rb5 17. b4 Be7 18. Qd3 Qc8 19. a4 Rb7 20. Rfc1 Qa8 21. b5
cxb5 22. axb5 Rc8 23. c4 Bc5 24. Ra1 Qa7 25. Nc7 Rbxc7 26. Rxa7 Rxa7 27. Rb1 Rb8
28. Qg3 f6 29. Qg4 Kf7 30. f4 exf4 31. Qxf4 Re8 32. b6 Rb7 33. Rb5 Rc8 34. Qf5
1-0

[Event "AUTO-MASTER-1580"]
[Site "http://www.queenalice.com/game.php?id=1025440"]
[Date "2012.2.3"]
[Round "1"]
[White "clovis"]
[Black "Ramoalid_liempten"]
[Result "0-1"]
[WhiteElo "1940"]
[BlackElo "2082"]

1. e4 e5 2. Nf3 Nc6 3. d4 exd4 4. Nxd4 Nxd4 5. Qxd4 Ne7 6. Bd3 Nc6 7. Qe3 Qf6 8.
Nc3 Bb4 9. O-O Bxc3 10. bxc3 O-O 11. f4 Qxc3 12. Bd2 Qd4 13. e5 d5 14. Kh1 Qxe3
15. Bxe3 f6 16. Bc5 Rf7 17. Rae1 fxe5 18. fxe5 Rxf1+ 19. Rxf1 Bd7 20. Bb5 Nxe5
21. Bxd7 Nxd7 22. Ba3 b6 23. Re1 Nf6 24. Re7 Re8 0-1

[Event "AUTO-MASTER-1580"]
[Site "http://www.queenalice.com/game.php?id=1025441"]
[Date "2012.2.3"]
[Round "1"]
[White "Ramoalid_liempten"]
[Black "clovis"]
[Result "0-1"]
[WhiteElo "2092"]
[BlackElo "2027"]

1. d4 d5 2. c4 c6 3. e3 e6 4. Nf3 Nf6 5. Nc3 Nbd7 6. Qc2 dxc4 7. Bxc4 Bd6 8. h3
e5 9. O-O O-O 10. Ne4 Bc7 11. Nxf6+ Qxf6 12. Bd3 exd4 13. Bxh7+ Kh8 14. Be4 dxe3
15. Bxe3 Ne5 16. Ng5 g6 17. f4 Nd7 18. f5 Qe5 19. Bf4 Qc5+ 20. Qxc5 Nxc5 21.
Bxc7 Nxe4 22. Nxe4 Bxf5 23. Be5+ Kh7 24. Ng5+ Kg8 25. Bd6 Rfe8 26. g4 Bd7 27.
Rxf7 Be6 28. Be5 Bxf7 29. Bc3 Re2 30. Rf1 Bd5 31. Rf6 Rg2+ 32. Kf1 Rf8 33. Rxf8+
Kxf8 34. Ne6+ Ke7 35. Nf4 Rh2 36. Nxg6+ Ke8 37. a3 Rxh3 0-1

[Event "AUTO-MASTER-1580"]
[Site "http://www.queenalice.com/game.php?id=1025448"]
[Date "2012.2.3"]
[Round "1"]
[White "Ramoalid_liempten"]
[Black "rmvwoods"]
[Result "1-0"]
[WhiteElo "2084"]
[BlackElo "2109"]

1. e4 c5 2. Nf3 d6 3. d4 cxd4 4. Bb5+ Bd7 5. Bxd7+ Qxd7 6. Nxd4 Nf6 7. Nc3 e5 8.
Nf3 Be7 9. Bg5 O-O 10. Bxf6 Bxf6 11. O-O Nc6 12. Nd5 Be7 13. c3 Rac8 14. Qa4 Qe6
15. Rad1 Rfd8 16. h3 Bf8 17. Rfe1 a6 18. Qb3 b5 19. Rc1 Ne7 20. Ne3 Qxb3 21.
axb3 g6 22. Ra1 Rc6 23. Nc2 Rb6 24. Nb4 Nc6 25. Nd5 Rbb8 26. Rxa6 Ne7 27. Nb4
Rd7 28. Rd1 Nc8 29. Nxe5 Ra7 30. Rxa7 Nxa7 31. Nd7 Rd8 32. Ne5 f6 33. Nf3 Kf7
34. Nd4 Rd7 35. Ra1 Rb7 36. g4 h5 37. gxh5 gxh5 38. Kg2 Nc8 39. Ra6 Bg7 40. Nd5
Kg6 41. Nf5 Bf8 42. Ra8 Ne7 43. Nf4+ Kf7 44. Nxd6+ 1-0

[Event "AUTO-MASTER-1580"]
[Site "http://www.queenalice.com/game.php?id=1025449"]
[Date "2012.2.3"]
[Round "1"]
[White "rmvwoods"]
[Black "Ramoalid_liempten"]
[Result "1-0"]
[WhiteElo "2080"]
[BlackElo "2101"]

1. d4 d5 2. c4 e6 3. Nc3 h6 4. Nf3 Nf6 5. e3 Nc6 6. cxd5 exd5 7. Bb5 Bd7 8. O-O
Bd6 9. Re1 O-O 10. e4 a6 11. Bxc6 Bxc6 12. e5 Re8 13. exd6 Qxd6 14. Ne5 Re7 15.
Nxc6 bxc6 16. Rxe7 Qxe7 17. Be3 Qb4 18. Na4 Re8 19. b3 Rd8 20. Nc5 Qb6 21. Qd3
Ra8 22. h3 a5 23. Bf4 Qb5 24. Bxc7 Qxd3 25. Nxd3 Ra7 26. Bb6 Rb7 27. Bxa5 Nd7
28. Nc5 Nxc5 29. dxc5 d4 30. Bd2 f5 31. b4 Kf7 32. a4 Ke6 33. a5 Kd5 34. g4 fxg4
35. hxg4 Kc4 36. Kf1 Kd3 37. Ra2 Ra7 38. Kg2 Kc4 39. Ra3 g6 40. f4 1-0

[Event "Challenge"]
[Site "http://www.queenalice.com/game.php?id=1028438"]
[Date "2012.2.10"]
[Round "-"]
[White "JD"]
[Black "Ramoalid_liempten"]
[Result "0-1"]
[WhiteElo "1654"]
[BlackElo "2100"]

1. c4 Nf6 2. e3 d5 3. Nc3 c6 4. cxd5 Nxd5 5. Nxd5 Qxd5 6. a3 b6 7. Nf3 Bg4 8. h3
Bxf3 9. Qxf3 Qxf3 10. gxf3 g6 11. f4 Nd7 12. d4 Bg7 13. b4 c5 14. Bb2 O-O 15.
Bg2 Rab8 16. Bc6 Rfd8 17. Bxd7 Rxd7 18. Rb1 cxd4 19. exd4 Bxd4 20. Rd1 Rbd8 21.
Ba1 Bc3+ 22. Ke2 Rxd1 23. Rxd1 Rxd1 24. Bxc3 Rh1 25. a4 Rxh3 26. f3 Rh2+ 27. Ke3
Ra2 28. a5 bxa5 29. bxa5 h5 30. f5 Ra3 31. Kd4 h4 32. Bb4 Rxf3 33. fxg6 h3 34.
Ke4 Rf1 35. gxf7+ Kxf7 0-1